Welcome to the Holygrace Academy Library

Please use search bar below to get started

CABBY (Record no. 6592)

MARC details
000 -LEADER
fixed length control field 00320nam a22001457a 4500
020 ## - INTERNATIONAL STANDARD BOOK NUMBER
ISBN 1843621584
082 ## - DEWEY DECIMAL CLASSIFICATION NUMBER
Classification number 823
Item number WIL/G
100 ## - MAIN ENTRY--AUTHOR NAME
Personal name WIILIS, JEANNE
245 ## - TITLE STATEMENT
Title CABBY
Remainder of title THE CAMPIE CABBIE
260 ## - PUBLICATION, DISTRIBUTION, ETC. (IMPRINT)
Place of publication AUSTRALIA
Name of publisher ORCHARD BOOKS
Year of publication 2005
300 ## - PHYSICAL DESCRIPTION
Number of Pages 48
520 ## - SUMMARY, ETC.
Summary, etc SHORT STORY
650 ## - SUBJECT ADDED ENTRY--TOPICAL TERM
Topical Term SHORT STORY
942 ## - ADDED ENTRY ELEMENTS (KOHA)
Koha item type Books
Holdings
Withdrawn status Lost status Collection code Home library Current library Shelving location Date acquired Source of acquisition Cost, normal purchase price Full call number Accession Number Koha item type
    Fiction Main Library Main Library SHELF 15-L-CHILDREN'S STORYBOOKS 30/01/2019 Purchase 30.00 823 WIL/G 10836 Books